000
00176nam a2200073Ia 4500
008
180219s9999 xx 000 0 und d
100
_a
Bhatia K K
245
0
_a
Teaching And Learning English
260
_a
Kalyani
999
_c
41315
_d
41315